Normal view
MARC view
- Gordon, Adrian H
Entry Personal Name
001 - CONTROL NUMBER
- control field: 100157
003 - CONTROL NUMBER IDENTIFIER
- control field: NUST
005 - DATE AND TIME OF LATEST TRANSACTION
- control field: 20221013131426.0
008 - FIXED-LENGTH DATA ELEMENTS
- fixed length control field: 221013|| aca||aabn | a|a d
040 ## - CATALOGING SOURCE
- Original cataloging agency: NUST
- Transcribing agency: NUST
100 ## - HEADING--PERSONAL NAME
- Personal name: Gordon, Adrian H
670 ## - SOURCE DATA FOUND
- Source citation: Work cat.: (NUST)183806: Gordon, Adrian H., Computations of surface layer air parcel trajectories, and weather, in the oceanic tropics /, [1975]
